Animali Marini più Grandi - Statistics

Statistiche generali
  • Questo quiz è stato fatto 44 volte
  • Il punteggio medio è 7 su 20
Statistiche sulle risposte
Animale Fino a % Corretto
Squalo Bianco 6-7 m
97%
Squalo Balena 18-20 m
94%
Balenottera Azzurra 30-33 m
92%
Orca 9,8 m
89%
Capodoglio 20-21 m
75%
Megattera 16 m
47%
Squalo Elefante 8 m
44%
Calamaro Gigante 13 m
42%
Balenottera Comune 27 m
33%
Balena Grigia 15 m
25%
Manta Gigante 7m
22%
Balena della Groenlandia 18 m
17%
Squalo Mako 4,5 m
17%
Calamaro Colossale 14 m
11%
Elefante Marino 6,5 m
8%
Balena Franca 18 m
6%
Balenottera Minore 10 m
6%
Pesce Remo 11 m
3%
Balena Boreale 20 m
0%
Tartaruga Liuto 2,7 m
0%
Nessun quiz corrispondente trovato
Distribuzione punteggi
Percentuale di utenti per punteggio
Percentile per numero di risposta
I tuoi punteggi nel tempo
Non hai fatto questo quiz